Where Are They From - City #6 - Statistics

General Stats
  • This quiz has been taken 46 times
  • The average score is 7 of 12
Answer Stats
Hint Answer % Correct
Pope Francis, Jorge Luis Borges, Sergio Agüero, Luisana Lopilato Buenos Aires
98%
Ozzy Osbourne, Felicity Jones, Neville Chamberlain, Jack Grealish Birmingham
81%
Gerard Piqué, Pau Gasol, Joan Miró, Úrsula Corberó Barcelona
79%
Hugh Jackman, Iggy Azalea, Rose Byrne, Steve Smith Sydney
79%
Niccolò Machiavelli, Dante Alighieri, Amerigo Vespucci, Matteo Renzi Florence
77%
Morgan Freeman, Justin Timberlake, Aretha Franklin, Lisa Marie Presley Memphis
65%
Dilma Rousseff, Juan Jesus, Bruno Soares, Paulo Jr. Belo Horizonte
49%
Hugo Lloris, Giuseppe Garibaldi, Henry Cavendish, Alizé Cornet Nice
37%
William Herschel, Per Mertesacker, Lena Meyer-Landrut, Emile Berliner Hanover
35%
Jean Reno, Gad Elmaleh, Richard Virenque, Nabil Dirar Casablanca
26%
Anna Paquin, Jonathan Toews, Monty Hall, Kenny Omega Winnipeg
26%
Fazlur Rahman Khan, Mohammad Ashraful, Suman Kalyanpur, Khawaja Nazimuddin Dhaka
14%
No matching quizzes found
Score Distribution
Percent of People with Each Score
Percentile by Number Answered
Your Score History
You have not taken this quiz